Hành chính nhà nước Giáo trình Cao đẳng sư phạm
Gespeichert in:
| 1. Verfasser: | |
|---|---|
| Weitere Verfasser: | |
| Format: | Buch |
| Veröffentlicht: |
H.
Đại học sư phạm
2005
|
| Schlagworte: | |
| Tags: |
Tag hinzufügen
Keine Tags, Fügen Sie den ersten Tag hinzu!
|
| Thư viện lưu trữ: | Trung tâm Học liệu Lê Vũ Hùng, Trường Đại học Đồng Tháp |
|---|
| LEADER | 02183pam a22002658a 4500 | ||
|---|---|---|---|
| 001 | 00024615 | ||
| 005 | 20171026081023.0 | ||
| 008 | 110721s2005 ||||||Viesd | ||
| 041 | 0 | # | |a Vie |
| 082 | 1 | 4 | |a 351.597 |b H1107CH |
| 100 | 0 | # | |a Phạm Văn Hùng |e Chủ biên |
| 245 | 0 | 0 | |a Hành chính nhà nước |b Giáo trình Cao đẳng sư phạm |c Phạm Văn Hùng,Nguyễn Hữu Khiển |
| 260 | # | # | |a H. |b Đại học sư phạm |c 2005 |
| 300 | # | # | |a 92 tr. |c 24 cm. |
| 500 | # | # | |a ĐBS ghi: Bộ giáo dục và đào tạo dự án đào tạo giáo viên THCS.Loan No 1718 - Vie(SF) |
| 650 | # | 4 | |a Giáo trình |
| 650 | # | 4 | |a Việt Nam |
| 650 | # | 4 | |a Hành chính nhà nước |
| 700 | 0 | # | |a Nguyễn Hữ Khiển |
| 852 | # | # | |b Kho giáo trình |j KGT.0017542, KGT.0017543, KGT.0017544, KGT.0017545, KGT.0017546, KGT.0017547, KGT.0017548, KGT.0017549, KGT.0017550, KGT.0017551, KGT.0017552, KGT.0017553, KGT.0017554, KGT.0017555, KGT.0017556, KGT.0017557, KGT.0017558, KGT.0017559, KGT.0017560, KGT.0017561, KGT.0017562, KGT.0017563, KGT.0017564, KGT.0017565, KGT.0017566, KGT.0017567, KGT.0017568, KGT.0017569, KGT.0017570, KGT.0017571, KGT.0017572, KGT.0017573, KGT.0017574, KGT.0017575, KGT.0017576, KGT.0017577, KGT.0017578, KGT.0017579, KGT.0017580, KGT.0017581, KGT.0017582, KGT.0017583, KGT.0017584, KGT.0017585, KGT.0017586, KGT.0017587 |
| 852 | # | # | |b Kho mượn |j KGT.0017542, KGT.0017574 |
| 852 | # | # | |j KGT.0017543 |j KGT.0017544 |j KGT.0017548 |j KGT.0017550 |j KGT.0017551 |j KGT.0017585 |j KGT.0017587 |j KGT.0017552 |j KGT.0017554 |j KGT.0017555 |j KGT.0017557 |j KGT.0017558 |j KGT.0017560 |j KGT.0017562 |j KGT.0017563 |j KGT.0017565 |j KGT.0017566 |j KGT.0017568 |j KGT.0017569 |j KGT.0017576 |j KGT.0017577 |j KGT.0017579 |j KGT.0017580 |j KGT.0017582 |j KGT.0017583 |j KGT.0017571 |j KGT.0017574 |j KGT.0017545 |j KGT.0017546 |j KD.0010156 |j KGT.0017542 |j KGT.0017547 |j KGT.0017549 |j KGT.0017553 |j KGT.0017556 |j KGT.0017559 |j KGT.0017561 |j KGT.0017564 |j KGT.0017567 |j KGT.0017570 |j KGT.0017578 |j KGT.0017581 |j KGT.0017584 |j KGT.0017586 |
| 852 | # | # | |b Kho đọc |j KD.0010156 |
| 910 | |d 21/07/2011 | ||
| 980 | # | # | |a Trung tâm Học liệu Lê Vũ Hùng, Trường Đại học Đồng Tháp |